Geography Quiz

Random Geography or City Quiz

Mid-Atlantic Cities Quiz Stats

 Plays Quiz not verified by Sporcle

Challenge
Share
Tweet
Embed
Score 0/46 Timer 13:00
0 Plays Today
City % Correct
New York
100%
Philadelphia
97.8%
Washington
97.8%
Baltimore
96.7%
Pittsburgh
96.2%
Newark
89.6%
Albany
88.5%
Buffalo
88.5%
Dover
84.1%
Syracuse
81.3%
Trenton
80.2%
Rochester
79.1%
Wilmington
77.5%
Jersey City
76.9%
Harrisburg
75.3%
Yonkers
67.6%
Scranton
67%
Allentown
64.8%
Erie
64.8%
Camden
52.7%
Atlantic City
51.6%
Paterson
51.1%
Elizabeth
48.9%
City % Correct
Utica
46.7%
Wilkes-Barre
44.5%
Reading
39.6%
Lancaster
39.6%
Binghamton
36.3%
York
31.3%
Schenectady
29.1%
Poughkeepsie
26.4%
Altoona
24.7%
New Rochelle
20.3%
Edison
19.2%
Cherry Hill
18.1%
Toms River
16.5%
Easton
15.4%
Bethesda
15.4%
Passaic
13.7%
Mount Vernon
13.2%
Elmira
12.6%
East Orange
11.5%
Vineland
9.3%
New Castle
8.2%
Kingston
6.6%
Bowie
4.4%

You're not logged in!

Compare scores with friends on all Sporcle quizzes.
Join for Free
OR
Log In

You Might Also Like...

Show Comments

Extras

Top Quizzes Today


Score Distribution

Your Account Isn't Verified!

In order to create a playlist on Sporcle, you need to verify the email address you used during registration. Go to your Sporcle Settings to finish the process.

Report this User

Report this user for behavior that violates our Community Guidelines.

Details: